00696pam a2200205 a 4500020004200000040000800042082002600050100002100076245005200097260003700149300003500186500002000221650001600241650002900257650002700286700002200313700002300335856006600358856006600424 a0070258112 (recycled, acidfree paper) cDLC00a338 MCG 1994 A069 Or.1 aSeitz, Wesley D.10aEconomics of resources, agriculture, and food / aNew York :bMcGraw-Hill,cc1994. axxiv, 477 p. :bill. ;c25 cm. aIncludes index. 0aAgriculture 0aAgricultural industries. 0aAgriculture and state.1 aNelson, Gerald C.1 aHalcrow, Harold G.42uhttp://www.loc.gov/catdir/enhancements/fy0602/93031727-d.html41uhttp://www.loc.gov/catdir/enhancements/fy0602/93031727-t.html